书目信息 |
| 题名: |
位势论
|
|
| 作者: | 张鸣镛 著 | |
| 分册: | ||
| 出版信息: | 北京 北京大学出版社 1998.12 |
|
| 页数: | 301页 | |
| 开本: | 32开 | |
| 丛书名: | ||
| 单 册: | ||
| 中图分类: | O174.3 | |
| 科图分类: | ||
| 主题词: | 数学分析 | |
| 电子资源: | ||
| ISBN: | 7-301-02781-8 | |
| 000 | 00523nam0 2200193 45 | |
| 001 | 0007281527 | |
| 005 | 20001111095445.3 | |
| 010 | @a7-301-02781-8@d16.50元 | |
| 100 | @a20000728d1998 km y0chiy0120 ea | |
| 101 | 0 | @achi |
| 105 | @a z 000yy | |
| 200 | 1 | @a位势论@AWei Shi Lun@f张鸣镛 著@FZhang Ming Yong Zhu |
| 210 | @a北京@c北京大学出版社@d1998.12 | |
| 215 | @a301页@d32开 | |
| 606 | 0 | @a数学分析 |
| 690 | @aO174.3@v3 | |
| 701 | 0 | @a张鸣镛@4著 |
| 801 | @aCN@bPftUser@c20000728 | |
| 905 | @dO174.3@eZH918@b402954-956@f3 | |
| 位势论/张鸣镛 著.-北京:北京大学出版社,1998.12 |
| 301页;32开 |
| ISBN 7-301-02781-8:16.50元 |
| ● |
| 相关链接 |
|
|
|
正题名:位势论
索取号:O174.3/ZH918
 
预约/预借
| 序号 | 登录号 | 条形码 | 馆藏地/架位号 | 状态 | 备注 |
| 1 | 402954 | 204029540 | 自科二线504/504自科库 48排2列5层/ [索取号:O174.3/ZH918] | 在馆 | |
| 2 | 402955 | 204029559 | 自科二线504/504自科库 48排2列5层/ [索取号:O174.3/ZH918] | 在馆 | |
| 3 | 402956 | 204029568 | 自科二线504/504自科库 48排2列5层/ [索取号:O174.3/ZH918] | 在馆 |